00365nam a22000977a 4500082001200000100001900012245013100031260004100162650002300203700004100226 a200 THE aSyed Asim Raza aTH-SOF-1255-Analysis of Smart City Frameworks and implmentation prospects for Pakistan Syed Asim Raza Dr. Muhammad Tahir Nawaz aIslamabadbNUST College of EMEc2016 aMS-EM-8 MSTHESIS aSupervisor Dr. Muhammad Tahir Nawaz